| 000 | 00657nam a2200193 a 4500 | ||
|---|---|---|---|
| 005 | 20230602063815.0 | ||
| 008 | 991125s1973 mx 000 0 spa u | ||
| 035 | _aUPN01000012765 | ||
| 049 | _aCG | ||
| 050 | 4 |
_aPQ7276 H8 _bC84 |
|
| 245 | 0 | 0 |
_aCuentos románticos / _cpról., selec. y notas David Huerta. |
| 260 |
_aMéxico : _bUNAM, Dirección General de Publicaciones, _c1973. |
||
| 300 | _a258 p. | ||
| 440 | 0 |
_aBiblioteca del estudiante universitario ; _v98 |
|
| 650 | 4 |
_aLiteratura mexicana _ySiglo XIX _95396 |
|
| 650 | 0 |
_aLiteratura mexicana (Selecciones, extractos, etc.) _920984 |
|
| 700 | 1 |
_aHuerta, David, _d1949- _ecomp. _928768 |
|
| 905 | _aLibro | ||
| 999 |
_c12765 _d12765 |
||